| 000 | 00734nac a22002531i 4500 | ||
|---|---|---|---|
| 003 | EG-ScBUE | ||
| 005 | 20240924135045.0 | ||
| 008 | 170918s1968 ru a f 000 0 eng d | ||
| 040 |
_aEG-ScBUE _beng _erda _cEG-ScBUE _dEG-ScBUE |
||
| 082 | 0 | 4 |
_222 _a669.0212 _bMET |
| 245 | 0 | 0 | _aMetallurgist's handbook. |
| 250 | _aSecond edition. | ||
| 264 | 1 |
_aMoscow : _bMir Publisher, _c1968. |
|
| 300 |
_a371 pages : _billustrations ; _c15 cm |
||
| 336 |
_2rdacontent _atext _btxt |
||
| 337 |
_aunmediated _2rdamedia _bn |
||
| 338 |
_avolume _bnc _2rdacarrier |
||
| 650 | 7 |
_2BUEsh _aMetallurgy _vTables. |
|
| 651 | _2BUEsh | ||
| 653 |
_bGGEN _cSeptember2017 |
||
| 655 | _vReading book | ||
| 942 |
_2ddc _cBB |
||
| 999 |
_c3034 _d3034 |
||